| 000 | 00708nam a2200217 a 4500 | ||
|---|---|---|---|
| 001 | 20681 | ||
| 003 | CO-ViMGA | ||
| 008 | 141112s2004 ck r 000 u spa d | ||
| 020 | _a8448136640 | ||
| 040 |
_aCO-ViMGA _bspa _cCO-ViMGA |
||
| 082 | 0 | 4 | _aMEVIECAR.642 J691fu |
| 100 | 1 | _aJoyanes Aguilar, Luis | |
| 245 | 1 | 0 |
_aFundamentos de programación : _bAlgoritmos, estructuras de datos y objetos |
| 250 | _a3 | ||
| 260 |
_aMadrid : _bMcGrawHill, _c2003 |
||
| 300 | _a750P | ||
| 590 | _aForma de adquisición : Compra fact.0542 - - Precio : 95000 - - Proveedor : Temas y libros - - Fecha de adquisición : Abril 2006 | ||
| 650 | 1 | 4 | _aINFORMATICA |
| 650 | 1 | 4 | _aPROGRAMACION DE COMPUTADORES |
| 942 |
_2ddc _cBK |
||
| 999 |
_c29674 _d29674 |
||